Manual Técnico del Sistema de Administración Financiera Integrado/ (Registro nro. 9724)

Detalles MARC
000 -LEADER
fixed length control field 00945nam a2200181Ia 4500
005 - FECHA Y HORA DE LA ÚLTIMA TRANSACCIÓN
control field 20231012142346.0
008 - FIXED-LENGTH DATA ELEMENTS--GENERAL INFORMATION
fixed length control field 231011s9999 xx 000 0 und d
040 ## - CATALOGING SOURCE
Original cataloging agency UPAN
Transcribing agency Biblioteca San Vicente
Description conventions RCAA2
041 ## - LANGUAGE CODE
Language code of text/sound track or separate title spa
082 ## - DEWEY DECIMAL CLASSIFICATION NUMBER
Classification number 336.39
Item number M665
año de publicación 2009
110 ## - MAIN ENTRY--CORPORATE NAME
Corporate name or jurisdiction name as entry element Ministerio de Hacienda
Relator code aut.
245 #0 - TITLE STATEMENT
Title Manual Técnico del Sistema de Administración Financiera Integrado/
Statement of responsibility, etc Ministerio de Hacienda
260 ## - PUBLICATION, DISTRIBUTION, ETC. (IMPRINT)
Place of publication, distribution, etc El Salvador:
Name of publisher, distributor, etc Ministerio de Hacienda,
Date of publication, distribution, etc 2009
300 ## - PHYSICAL DESCRIPTION
Extent 130 p.;
Dimensions 28 cm.
505 ## - FORMATTED CONTENTS NOTE
Formatted contents note I. Introducciòn, II. Objetivo, III. Ambito de aplicaciòn, IV. Aspectos generales, V. Subsistemas de presupuesto, VI. Subsistemas de tesoreria, VII. SUbsistema de inversiòn y crèdito pùblico, VIII. Subsistema de contabilidad gubernamental, IX. Relaciòn integrada entre el clasificador presupuestario y el catalogo contable, X. Identificaciones y codificaciones generales
650 ## - SUBJECT ADDED ENTRY--TOPICAL TERM
Source of heading or term LEMB
Form subdivision Manual
General subdivision Finanzas
942 ## - ADDED ENTRY ELEMENTS (KOHA)
Koha item type Libros
Source of classification or shelving scheme Dewey Decimal Classification
Existencias
Withdrawn status Lost status Source of classification or shelving scheme Damaged status Not for loan Collection code Home library Current library Date acquired Total Checkouts Full call number Barcode Date last seen Copy number Price effective from Koha item type
    Dewey Decimal Classification     Referencia Biblioteca UPAN San Vicente Biblioteca UPAN San Vicente 12/10/2023   336.39 M665 12004062 12/10/2023 01 12/10/2023 Libros
    Dewey Decimal Classification     Referencia Biblioteca UPAN San Vicente Biblioteca UPAN San Vicente 12/10/2023   336.39 M665 12004061 12/10/2023 02 12/10/2023 Libros
    Dewey Decimal Classification     Referencia Biblioteca UPAN San Vicente Biblioteca UPAN San Vicente 12/10/2023   336.39 M665 12004063 12/10/2023 03 12/10/2023 Libros